| 000 | 00719nam a2200229 a 4500 | ||
|---|---|---|---|
| 001 | 000040893 | ||
| 003 | DO-SdBNP | ||
| 005 | 20251209085620.0 | ||
| 008 | 100728s2006 dr r 000 0 spa d | ||
| 040 |
_aDO-SdBNP _bspa _cBNPHU |
||
| 082 | 4 |
_a 343.09947293 _bR426L, 2006 _222 |
|
| 110 | 2 |
_aINDOTEL _917928 |
|
| 240 | 1 | 3 | _a[Leyes etc.] |
| 245 | 1 | 0 |
_aLey general de telecomunicaciones No. 153-98. : _bpublicada en la Gaceta Oficial No.9983 |
| 260 |
_aSanto Domingo : _bINDOTEL, _c2006. |
||
| 300 |
_a64 p. ; _c22 cm. |
||
| 500 | _aPublicada en la gaceta oficial no. 9983 | ||
| 650 | 0 |
_aTelecomunicaciones _xLegislación _zRepública Dominicana _9550 |
|
| 710 | 2 |
_aINDOTEL _917928 |
|
| 910 | _aD/G | ||
| 942 |
_2ddc _cLBS1 |
||
| 999 |
_c40383 _d40383 |
||